Current Leaders of China - Statistics

General Stats
  • This quiz has been taken 6 times
  • The average score is 8 of 21
Answer Stats
Hint Answer % Correct
General-Secretary of the CCP, President, Chairman of the CMC Xi Jinping
100%
Director of the General Office of the CCP, Head of the Central Leading Group for Publicity, Ideological and Cultural Work Cai Qi
33%
Party Secretary of Shanghai Chen Jining
33%
Party Secretary of Tianjin Chen Min'er
33%
Secretary of the Central Political and Legal Affairs Commission Chen Wenqing
33%
First-Ranking Vice Premier Ding Xuexiang
33%
Vice President Han Zheng
33%
Party Secretary of Guangdong Huang Kunming
33%
Head of the United Front Work Department Li Ganjie
33%
Premier Li Qiang
33%
Head of the Publicity Department of the Chinese Communist Party Li Shulei
33%
Secretary of the Central Commission for Discipline Inspection Li Xi
33%
Head of the Organization Department of the Chinese Communist Party Shi Taifeng
33%
Chairman of the Chinese People's Political Consultative Conference Wang Huning
33%
Minister of Foreign Affairs Wang Yi
33%
Party Secretary of Beijing Yin Li
33%
Party Secretary of Chongqing Yuan Jiajun
33%
Vice Chairman of the Central Military Commission Zhang Shengmin
33%
Vice Chairman of the Central Military Commission Zhang Youxia
33%
Chairman of the National People's Congress Zhao Leji
33%
Director of the Office of the Central Financial and Economic Affairs Commission He Lifeng
17%
No matching quizzes found
Score Distribution
Percent of People with Each Score
Percentile by Number Answered
Your Score History
You have not taken this quiz